000 00588nam a2200229Ia 4500
003 OSt
005 20220924142259.0
006 a|||||r|||| 00| 0
007 ta
008 220923b |||||||| |||| 00| 0 ben d
024 _a301243
037 _cTextual
040 _aARTS
_cARTS
_bben
041 _2ben
_aben
082 _aV5:1xJ, 157M5.1-.2
100 _aDatta Nirmal Chandra
_9213134
245 0 _aMadhyayuger europe
260 _c1985
650 _aHISTORY
942 _hV5:1xJ, 157M5.1-.2
_cTEXL
_2CC
999 _c450100
_d450100